One hundred details from pictures in the National Gallery (Record no. 5182)

MARC details
000 -CABECERA
campo de control de longitud fija 00750nam a2200241 a 4500
001 - NÚMERO DE CONTROL
campo de control BRCA_5488
005 - FECHA Y HORA DE LA ÚLTIMA TRANSACCIÓN
campo de control 20190320205112.0
008 - DATOS DE LONGITUD FIJA--INFORMACIÓN GENERAL
campo de control de longitud fija 020211s1938----enka######---#000-0#eng-#
041 ## - CÓDIGO DE LENGUA
Código de lengua del texto/banda sonora o título independiente eng
044 ## - CÓDIGO DEL PAÍS DE LA ENTIDAD EDITORA/PRODUCTORA
Código MARC del país enk
050 #4 - SIGNATURA TOPOGRÁFICA DE LA BIBLIOTECA DEL CONGRESO
Número de clasificación N1070
Número de documento/Ítem .O63 1938
245 10 - MENCIÓN DE TÍTULO
Título One hundred details from pictures in the National Gallery
Mención de responsabilidad, etc. introduction & notes by Kenneth Clark.
260 ## - PUBLICACIÓN, DISTRIBUCIÓN, ETC.
Lugar de publicación, distribución, etc. Londres
Nombre del editor, distribuidor, etc. Harrison
Fecha de publicación, distribución, etc. 1938
300 ## - DESCRIPCIÓN FÍSICA
Extensión xxviii, 100 p.
Otras características físicas il., 100 láminas
Dimensiones 34 cm.
500 ## - NOTA GENERAL
Nota general Estado físico: Camisa deteriorada
500 ## - NOTA GENERAL
Nota general E164
610 24 - PUNTO DE ACCESO ADICIONAL DE MATERIA--NOMBRE DE ENTIDAD CORPORATIVA
Nombre de entidad corporativa o nombre de jurisdicción como elemento de entrada National Gallery (Londres)
9 (RLIN) 14025
650 14 - PUNTO DE ACCESO ADICIONAL DE MATERIA--TÉRMINO DE MATERIA
Término de materia o nombre geográfico como elemento de entrada Pinturas
Subdivisión de forma Exposiciones
Subdivisión geográfica Londres
9 (RLIN) 14026
650 14 - PUNTO DE ACCESO ADICIONAL DE MATERIA--TÉRMINO DE MATERIA
Término de materia o nombre geográfico como elemento de entrada Galerías y museos
Subdivisión geográfica Londres
9 (RLIN) 14027
700 1# - PUNTO DE ACCESO ADICIONAL--NOMBRE DE PERSONA
Nombre de persona Clark, Kenneth
9 (RLIN) 6038
902 ## - CATALOGADOR
Iniciales GFM
942 ## - ELEMENTOS DE PUNTO DE ACCESO ADICIONAL (KOHA)
Fuente del sistema de clasificación o colocación Library of Congress Classification
Tipo de ítem Koha Libros
Holdings
Estado de retiro Estado de pérdida Estado dañado No para préstamo Localización permanente Ubicación/localización actual Fecha de adquisición Número de inventario Total de préstamos Signatura topográfica completa Código de barras Fecha visto por última vez Precio válido a partir de Tipo de ítem Koha
El ejemplar forma parte de la colección y puede ser consultado según las políticas vigentes.       Biblioteca del Museo Franz Mayer (Rogerio Casas-Alatriste) Biblioteca del Museo Franz Mayer (Rogerio Casas-Alatriste) 02/02/2011 E164   N1070 .O63 1938 (E164) 5924 22/03/2019 22/03/2019 Libros